| 000 | 01022nam a2200325 a 4500 | ||
|---|---|---|---|
| 001 | vtls000081628 | ||
| 003 | NLI | ||
| 005 | 20210601194421.0 | ||
| 008 | 101125s2002 enk 000 0 eng | ||
| 020 |
_a0521801141 : _cPND 42.50 |
||
| 039 | 9 |
_y201011250854 _zVLOAD |
|
| 040 | 0 |
_aNLI _beng _cEntertech-2003 _eAACR2 |
|
| 041 | 1 |
_aeng _hger |
|
| 044 | _aenk | ||
| 082 | 0 | 4 | _a193 |
| 100 | 1 |
_aHeidegger, Martin, _d1889-1976 _981295 |
|
| 240 | 1 |
_aHolzwege. _lEnglish |
|
| 245 | 1 | 0 |
_aOff the beaten track / _cMartin Heidegger ; edited and translated [ from the German] by Julian Young and Kenneth Haynes |
| 260 |
_aCambridge : _bThe University Press, _cc2002 |
||
| 300 |
_ax, 291 p. ; _c24 cm. |
||
| 500 | _aTranslation of : Holzwege | ||
| 650 | 0 |
_aPhilosophy _9160 |
|
| 700 | 1 |
_aYoung, Julian, _4trl _9183659 |
|
| 700 | 1 |
_aHaynes, Kenneth, _4trl _9187075 |
|
| 887 | _a | ||
| 901 |
_a544859 _b09.06.1903 |
||
| 902 | _aE193 H362ob | ||
| 949 |
_AVIRTUAITEM _D10000 _X100 _6PUR000544859ENG |
||
| 942 |
_2ddc _cBKS |
||
| 999 |
_aVIRTUA00 _c85331 _d85331 |
||